LFL 2025 Rosters (LoL) - FR - Statistiques

Statistiques générales
  • Ce quiz a été pris 120 fois
    66 depuis la dernière actualisation
  • Le résultat moyen est 28 sur 55
Statistiques - réponses
Player % Correct
KCB - Top Maynter
95%
KCB - Adc 3XA
92%
(KCB - Jgl) Boukada
87%
KCB - Sup Piero
87%
(KCB - Jgl) Isma
84%
VITB - Mid Vetheo
82%
(BDSA - Top) Hiro
79%
M8 - Adc Comp
74%
KCB - Mid SlowQ
74%
KCB - Jgl Yukino
74%
M8 - Mid Eika
71%
IJC - Adc Hans SamD
68%
GAL - Top Ragner
68%
VITB - Sup Fleshy
61%
GAL - Adc Jezu
61%
SLY - Top Kryze
61%
BDSA - Sup Myrtus
61%
SLY - Adc Take Set
61%
SLY - Mid Decay
58%
SLY - Jgl Markoon
58%
VITB - Adc Jopa
55%
SLY - Sup Mersa
55%
BKR - Mid OMON
55%
M8 - Top Empyros
53%
GAL - Sup Zoelys
53%
IJC - Jgl Theocacs
50%
VITB - Top Vertigo
50%
M8 - Jgl Zicssi
50%
BKR - Adc Booshi
47%
GAL - Mid Serin
47%
M8 - Sup Erdote
45%
VITB - Jgl Lurox
45%
GW - Adc Matias
45%
IJC - Sup Prime
45%
GAL - Jgl Xerxe
45%
(BKR - Adc) Keduii
42%
JL - Top Leny
42%
BDSA - Jgl Shlatan
42%
IJC - Mid Sertuss
39%
JL - Adc Deadly
37%
JL - Mid Diplex
37%
BKR - Sup Doss
37%
BKR - Jgl Rhilech
37%
GW - Sup Honor
34%
IJC - Top Howling
34%
BDSA - Mid Toffe
34%
GW - Top Zest
34%
BDSA - Top Papiteero
32%
(BDSA - Adc) Piwek
29%
BKR - Top Szygenda
29%
JL - Sup Twiizt
29%
GW - Mid Backlund
24%
JL - Jgl RAMES
24%
GW - Jgl Stormax
21%
BDSA - Adc Mishi
16%
Aucun quiz correspondant
Distribution des résultats
% des personnes avec chaque résultat
Percentile par nombre de réponses
Votre historique - résultats
Vous n’avez pas pris ce quiz depuis la dernière actualisation